ARRUPE JESUIT UNIVERSITY

CORONAVIRUS -STOP THE SPREAD - CLEAN,DISINFECT,COVER

African ethics : (Record no. 126937)

MARC details
000 -LEADER
fixed length control field 01409cam a22003737a 4500
001 - CONTROL NUMBER
control field 16578799
003 - CONTROL NUMBER IDENTIFIER
control field ARRUPE
005 - DATE AND TIME OF LATEST TRANSACTION
control field 20170906100059.0
008 - FIXED-LENGTH DATA ELEMENTS--GENERAL INFORMATION
fixed length control field 101214s2010 ne c b 001 0 eng d
010 ## - LIBRARY OF CONGRESS CONTROL NUMBER
LC control number 2010537282
020 ## - INTERNATIONAL STANDARD BOOK NUMBER
International Standard Book Number 9042030887
020 ## - INTERNATIONAL STANDARD BOOK NUMBER
International Standard Book Number 9789042030886
020 ## - INTERNATIONAL STANDARD BOOK NUMBER
International Standard Book Number 9789042030893 (ebook)
020 ## - INTERNATIONAL STANDARD BOOK NUMBER
International Standard Book Number 9042030895 (ebook)
035 ## - SYSTEM CONTROL NUMBER
System control number (OCoLC)ocn669910301
040 ## - CATALOGING SOURCE
Original cataloging agency YDXCP
Transcribing agency YDXCP
Modifying agency CUY
-- OMM
-- NYP
-- ERASA
-- DLC
042 ## - AUTHENTICATION CODE
Authentication code lccopycat
043 ## - GEOGRAPHIC AREA CODE
Geographic area code f-ke---
050 00 - LIBRARY OF CONGRESS CALL NUMBER
Classification number BJ982.K55
Item number K56 2010
300 ## - PHYSICAL DESCRIPTION
Dimensions 22 cm.
100 1# - MAIN ENTRY--PERSONAL NAME
Personal name Kinoti, H. W.
Fuller form of name (Hannah W.)
9 (RLIN) 35697
245 10 - TITLE STATEMENT
Title African ethics :
Remainder of title Gĩkũyũ traditional morality /
Statement of responsibility, etc Hannah Wangeci Kinoti ; edited by G. Wakuraya Wanjohi ; with the assistance of Gerald J. Wanjohi.
260 ## - PUBLICATION, DISTRIBUTION, ETC. (IMPRINT)
Place of publication, distribution, etc Amsterdam :
Name of publisher, distributor, etc The Catholic University of Eastern Africa Press,
Date of publication, distribution, etc 2013.
300 ## - PHYSICAL DESCRIPTION
Extent 286 p. :
490 1# - SERIES STATEMENT
Series statement Studies in intercultural philosophy,
Volume number/sequential designation 19
504 ## - BIBLIOGRAPHY, ETC. NOTE
Bibliography, etc Includes bibliographical references (p. 255-259) and index.
530 ## - ADDITIONAL PHYSICAL FORM AVAILABLE NOTE
Additional physical form available note Also available online.
650 #0 - SUBJECT ADDED ENTRY--TOPICAL TERM
Topical term or geographic name as entry element Ethics,
Geographic subdivision Kenya
9 (RLIN) 35698
650 #0 - SUBJECT ADDED ENTRY--TOPICAL TERM
Topical term or geographic name as entry element Kikuyu (African people)
General subdivision Social life and customs
9 (RLIN) 35699
700 1# - ADDED ENTRY--PERSONAL NAME
Personal name Wanjohi, G. Wakuraya.
9 (RLIN) 35700
830 #0 - SERIES ADDED ENTRY--UNIFORM TITLE
Uniform title Studien zur interkulturellen Philosophie ;
Volume number/sequential designation 19.
9 (RLIN) 35701
906 ## - LOCAL DATA ELEMENT F, LDF (RLIN)
a 7
b cbc
c copycat
d 2
e ncip
f 20
g y-gencatlg
942 ## - ADDED ENTRY ELEMENTS (KOHA)
Source of classification or shelving scheme Library of Congress Classification
Koha item type Monograph ( Printed materials)
Holdings
Withdrawn status Lost status Source of classification or shelving scheme Damaged status Not for loan Collection code Home library Current library Shelving location Date acquired Total Checkouts Full call number Barcode Date last seen Date checked out Price effective from Koha item type
    Library of Congress Classification     Main Collection ARRUPE LIBRARY ARRUPE LIBRARY Main Collection 06/09/2017 4 BJ982.K55 K56 2013 46500027869 19/05/2021 07/05/2021 06/09/2017 Monograph ( Printed materials)

 

Arrupe Library. PO Box MP320 Mt Pleasant, Harare, Zimbabwe
263 242 745411|librarian@aju.ac.zw